Top 10 Città più popolose Provincia di Rimini - Statistics

Statistiche generali
  • Questo quiz è stato fatto 30 volte
  • Il punteggio medio è 6 su 10
Statistiche sulle risposte
Popolazione (ab.) Città % Corretto
34 536 Riccione
96%
139 601 Rimini
92%
16 550 Cattolica
83%
20 839 Santarcangelo di Romagna
75%
18 591 Bellaria-Igea Marina
58%
12 252 Misano Adriatico
50%
9 960 Verucchio
50%
10 028 Coriano
42%
7 282 Novafeltria
33%
8 973 San Giovanni in Marignano
21%
Nessun quiz corrispondente trovato
Distribuzione punteggi
Percentuale di utenti per punteggio
Percentile per numero di risposta
I tuoi punteggi nel tempo
Non hai fatto questo quiz